00651nam a2200205 a 450000500170000000800410001701000130005802000250007103500130009603700150010904000180012408200060014210000220014824500960017026000290026627000650029530000350036065000330039570000170042820090912120936.0080424s2008 nyua j 000 1 eng  aB-358094 a9788126417742c60.00 aB-358094 bDBAD / PUB adplbEnglish  aS aJeena Ann Joseph  aVikram Vetal tears and laughter /cretold by Jeena Ann Joseph; illustrated by Rajeev N.T.  aKerala bDC Books c2008 aDC Kizhakemuri Edam, Good Shepherd Street, Kottayam b686001 a29p.:bcol. ill. ;c22cm(pbk)  aChildren's stories, English  aRajeev N.T.